Riconosci lo Stato - Quiz n°56 - Statistics

Statistiche generali
  • Questo quiz è stato fatto 31 volte
  • Il punteggio medio è 10 su 12
Statistiche sulle risposte
Indizio Risposta % Corretto
Indipendenza dalla Spagna, il 14-15 maggio 1811
93%
Valuta Guaraní
93%
Fuso Orario UTC-4
93%
Iniziale della Capitale A
89%
Presidente della Repubblica Santiago Peña
89%
Superficie 406.752 km²
85%
Popolazione 7.303.000 ab.
85%
Forma di Governo Repubblica presidenziale
85%
ISU 0,728
81%
Tasso di crescita 1,24%
78%
PIL (nominale) 35 300 milioni di $
78%
Risposta Paraguay
78%
Nessun quiz corrispondente trovato
Distribuzione punteggi
Percentuale di utenti per punteggio
Percentile per numero di risposta
I tuoi punteggi nel tempo
Non hai fatto questo quiz